000 00643nam a2200181Ia 4500
999 _c52581
_d52581
003 GCL
005 20240530105025.0
008 140319s9999 xx 000 0 ara d
040 _aGCL /
_cGCL
082 0 4 _a232.2
_bات
100 1 _aابن عمر، يوسف بن عبدالله
245 1 0 _aالتمهيد: لما فى الموطا من المعانى والاسانيد /
_cابن عمر، يوسف بن عبدالله
260 _a[S.N] :
_bلجنة الاعلام والدراسات المستقبلية ،
_c1982
650 0 4 _aالاسلام
650 0 4 _aالحديث
650 0 4 _aالفقه الاسلامى
942 _2ddc
_cBK